ბათუმის შოთა რუსთაველის სახელმწიფო უნივერსიტეტის ბიბლიოთეკა

Основы анализа электрических цепей: линейные цепи. (ბიბ.ჩანაწერი № 42625)

000 -LEADER
fixed length control field 00724nam a2200229Ia 4500
001 - CONTROL NUMBER
control field 9329
003 - CONTROL NUMBER IDENTIFIER
control field GE_BSU
008 - FIXED-LENGTH DATA ELEMENTS--GENERAL INFORMATION
fixed length control field 181216s||||||||xx |||||||||||||| ||und||
040 ## - CATALOGING SOURCE
Transcribing agency GE_BSU
080 ## - UNIVERSAL DECIMAL CLASSIFICATION NUMBER
Universal Decimal Classification number 621.3.01(075.8)
100 ## - MAIN ENTRY--PERSONAL NAME
Personal name Махтанов,П.Н.
245 ## - TITLE STATEMENT
Title Основы анализа электрических цепей: линейные цепи.
245 ## - TITLE STATEMENT
Remainder of title Учеб. пособие.
245 ## - TITLE STATEMENT
Statement of responsibility, etc. Ред. Т.И.Артемова.
260 ## - PUBLICATION, DISTRIBUTION, ETC.
Place of publication, distribution, etc. Москва
260 ## - PUBLICATION, DISTRIBUTION, ETC.
Name of publisher, distributor, etc. Высш. школа.
260 ## - PUBLICATION, DISTRIBUTION, ETC.
Date of publication, distribution, etc. 1972.
300 ## - PHYSICAL DESCRIPTION
Extent 336 стр. с илл. 22см.
300 ## - PHYSICAL DESCRIPTION
Accompanying material Библиогр.: стр.231.
653 ## - INDEX TERM--UNCONTROLLED
Uncontrolled term Основы анализа электрических цепей.
942 ## - ADDED ENTRY ELEMENTS (KOHA)
Koha item type წიგნი
ეგზემპლარები
Withdrawn status Lost status Damaged status Not for loan Date acquired Barcode Date last seen Price effective from Koha item type
        2018-12-17 11238 2018-12-17 2018-12-17 წიგნი